01094nam a2200277 a 450000100060000000300080000600500170001400800410003102000270007202000150009903500190011403500120013304000260014504100080017108200270017910000430020624500540024926001310030330000210043450000330045550501300048883000300061894200120064899900170066095201390067719036BD-RjUL20211209000356.0140223s1983 nyu 000 0 eng d a0521261163 (Cambridge) a0940450143 a(BD-RjUL)19094 aBD-RjUL aBD-RjULbengcBD-RjUL aeng a818.209219bIRH 19831 aIrving, Washington,d1783-1859.95249210aHistory, tales, and sketches /cWashington Irving aNew York, N.Y :bLiterary Classics of the United States ;aCambridge :bPress Syndicate of the University of Cambridge,c1983. a1126 p. :c21 cm aEdited by James W. Tuttleton0 aContents: Letters of Jonathan Oldstyle, Gent. - Salmagundi - A history of New York - The sketch book of Geoffrey Crayon, Gent 0aLibrary of America958657 2ddccBK c19036d19036 00102ddc40718FICaRUCLbRUCLcReadingd1999-07-02eAsia foundationl0o818.209 IRH 1983r2014-02-23 00:00:00tC-1w2014-02-23yBK